| 000 | 00584nam a2200229Ia 4500 | ||
|---|---|---|---|
| 003 | OSt | ||
| 005 | 20230623115126.0 | ||
| 008 | 210423s2016 xx 000 0 und d | ||
| 020 | _a978-1-316-60999-6 | ||
| 040 | _cAL | ||
| 041 | _aeng | ||
| 082 | _a539.72 THOM | ||
| 100 |
_aTHOMSON (Mark) _9108631 |
||
| 245 | _aModern particle physics | ||
| 260 |
_aDelhi _bCambridge University Press _c2016 |
||
| 300 |
_axvi,554 _bPB |
||
| 365 |
_b1000 _cINR |
||
| 650 |
_aModern Physics _9108632 |
||
| 650 |
_aPhysics _9108633 |
||
| 906 | _aModern ; particle ; physics | ||
| 942 |
_2ddc _cBK |
||
| 999 |
_c167786 _d167786 |
||